เปลี่ยนเป็นภาษาไทย

Change to English
 แสดงรายละเอียดบรรณานุกรม
  กลับหน้าหลัก

Brief Record : Get Marc (ISO 2709) : E-mail record : QR code ปิดหน้าต่าง
LEADER 00000nam 2200000uu 4500
001    17847
003     ULIBM
008    020711s2549 th a 000 0 tha d
099    ปพ.
100    นพวรรณ เอกสุวีรพงษ์
245    ปัจจัยที่มีผลต่อความไม่ร่วมมือในการใช้ยาของผู้ป่วยในโรคจิตเภท ณ โรงพยาบาลสวนสราญรมย์
260     ^bม.ป.ท.,^c2549
300    118 หน้า
รายการนี้ยังไม่มีแท็ก
คุณยังไม่ได้ล็อกอิน คุณสามารถมีกิจกรรมร่วมกับเว็บไซต์ได้ แต่ต้องล็อกอินก่อน ::
  ล็อกอิน
ลำดับที่ ประเภท เลขเรียก/บาร์โค้ด สถานที่ สถานะ
1. หนังสือ
หนังสือ
ปพ. 2549  
  Barcode: 0003201
หนังสือทั่วไป On Shelf
   [แสดง 1/1 รายการ]

รายการใกล้เคียง
    ชื่อเรื่อง [ปัจจัยที่มีผลต่อความไม่ร่วมมือในการใช้ยาของผู้ป่วยในโรคจิตเภท ณ โรงพยาบาลสวนสราญรมย์]

    ผู้แต่ง [นพวรรณ เอกสุวีรพงษ์]

BibComment


ยังไม่เคยถูกคอมเมนท์

คอมเมนท์ทรัพยากรรายการนี้
  คอมเมนท์: ปัจจัยที่มีผลต่อค..
Bib 17847


 Union Library Management : ULibM
Copyright 2026. All Rights Reserved.